000 00509nam a2200157 4500
001 17986
005 20230410121039.0
008 060907n2004 dr spa
035 _9funglode18127
050 1 4 _aJL 1281 D291 2004
245 0 _aUna década de participación ciudadana :
_ben la construcción de la democracia /
_cElaborado por: Veri Candelario José roldán
260 _aSanto Domingo :
_bIMP Mediabyte, S.A.,
_c2004
300 _a191 p.
700 _aCandelario, Veri
942 _2lcc
_cbk
999 _c56881
_d56881